000
00223nam a22000857a 4500
008
161201b xxu||||| |||| 00| 0 eng d
100
_9
1713
_a
Arya. A. B
245
_a
Open windows reader
260
_a
New delhi
_b
Frank brothers
_c
2006
999
_c
4426
_d
4426